La sociedad abierta y sus enemigos /

Obra en dos volúmenes que plantea una crítica a la filosofía de la sociedad y la política, a partir de una revisión a las teorías sociales aportadas por Platón, Hegel y Marx, a quienes Karl Popper (1902-1994), filósofo austríaco, los considera como historicistas y fatalistas. El presente V. 1 aborda...

Descripción completa

Guardado en:
Detalles Bibliográficos
Autor principal: Popper, Karl R. (autor)
Formato: Libro
Idioma:Español
Publicado: Barcelona, España : Planeta, 1992, c1992
Colección:(Obras Maestras del Pensamiento Contemporáneo ; 9)
Temas:
Etiquetas: Agrega una etiqueta
Sin etiquetas, Sé el primero en etiquetar este registro!

MARC

LEADER 00000nam^a2200000^a^4500
001 000618660
005 20250820000000.0
009 20260310133805.142
020 |a 84-395-2177-4 
020 |a 84-395-2168-5 
037 |a Acervo ITESO - Biblioteca 
041 |a ESP 
082 |a 300. 1  |b POP V. 1 
100 |a Popper, Karl R.  |e (autor) 
245 1 3 |a La sociedad abierta y sus enemigos /  |c K.R. Popper ; tr. por Eduardo Loedel. 
264 4 |a Barcelona, España :  |b Planeta,  |c 1992, c1992 
300 |a 314 p. 
336 |a texto  |b txt  |2 rdacontenido 
337 |a sin mediación  |b n  |2 rdamedio 
338 |a volumen  |b nc  |2 rdasoporte 
440 1 |a (Obras Maestras del Pensamiento Contemporáneo ;  |v 9) 
500 |a Traducción de: The Open Society and its Enemies 
520 |a Obra en dos volúmenes que plantea una crítica a la filosofía de la sociedad y la política, a partir de una revisión a las teorías sociales aportadas por Platón, Hegel y Marx, a quienes Karl Popper (1902-1994), filósofo austríaco, los considera como historicistas y fatalistas. El presente V. 1 aborda a Platón. 
649 |a XX 
650 |a Sociedad -  |x Filosofía -  |x Tema Principal 
650 |a Filosofía Política -  |x Tema Principal 
650 |a Escuela Platónica (Academia) -  |x Historia y Crítica 
650 |a Filosofía Griega -  |x Historia y Crítica 
650 |a Filosofía Clásica -  |x Historia y Crítica 
650 |a Positivismo Lógico 
650 |a Filosofía del Siglo XX 
650 |a Filosofía Austríaca 
650 |a Platón -  |x Tema Principal 
910 |a Fondo Castillo-Martínez 
920 |a Impresos - Libros 
930 |a Fondos Especiales 
905 |a 127 
901 |a 618969-10  |b IT2  |c ESP  |i D129970  |u 20250820 
902 |a https://opac.biblio.iteso.mx/vufind/Record/000618660